000 01241nam a2200313 i 4500
001 26127
003 Mx-PuUPA
005 20260519144657.0
008 140415s2018 mx a gr 001 0 spa d
020 _a9786071734648
040 _cMx-PuUPA
_aMx-PuUPA
_bspa
_dMx-PuUPA
_erda
041 0 _aspa
100 1 _aVillarreal Ríos, Enrique,
_eautor
_918079
245 1 3 _aEl protocolo de investigación en las ciencias de la salud /
_cEnrique Villareal Ríos
250 _aSegunda edición
264 1 _aCiudad de México :
_bEditorial Trillas,
_c2018
300 _a140 páginas :
_btablas (blanco y negro) ;
_c23 cm
336 _2rdacontent
_atexto
_btxt
337 _2rdamedia
_asin medio
_bn
338 _2rdacarrier
_avolumen
_bnc
650 7 _2armarc
_aMédicos
650 7 _2armarc
_aMedicina
_xInvestigaciones
650 7 _2armarc
_aInvestigación científica
942 _2ddc
_cLI
_h610.72
_iV65
999 _c26127
_d26127